Statistics for Pentakill at Worlds (League of Legends)

Click here to take the quiz!

General Stats

  • This quiz has been taken 10 times
  • The average score is 4 of 10

Answer Stats

WorldsChampionTeamPlayer% Correct
Worlds 2014LucianFnaticRekkles
71%
Worlds 2019XayahGriffinViper
57%
Worlds 2020AkaliSuningBin
43%
Worlds 2014VayneSamsung Whiteimp
43%
Worlds 2014TwitchSamsung Whiteimp
43%
Worlds 2015DariusOrigenSoaz
43%
Worlds 2021LucianDplus KIAKhan
29%
Worlds 2015DariusCloud9Balls
14%
Worlds Season 1TristanaTeam gamed!deCndyPnda
14%
Worlds 2015JinxFlash WolvesNL
0%

Score Distribution

Percentile by Number Answered

Percent of People with Each Score

Your Score History

You have not taken this quiz